000 00916nam a22002651u 4500
001 05824
003 HDC
007 cr bn ---
008 210121p xx fo d 00 engg
040 _aHDC
100 _aSulaiman Bin Arshad
_96128
245 0 _aDeveloping Global Halal Brand :
_bMembangunkan Jenama Halal Global
_c/ by Sulaiman Bin Arshad
260 _a[No place] :
_b[publisher not identified],
_c2011
300 _a47 pages :
_bIllustrations
336 _atext
_2rdacontent
337 _acomputer
_2rdamedia
338 _aonline resource
_2rdacarrier
650 _aGlobal Halal Brand
_96129
650 _aHalal industry
_9144
650 _aMarket Access
_96130
856 _zRequest full-text at [email protected]
942 _2lcc
942 _cSLIDE
942 _kSLID 000623
999 _c3148
_d3148